CNBC Guide To Money And Markets (Record no. 303667)

MARC details
000 -LEADER
fixed length control field 00404nam a2200157Ia 4500
008 - FIXED-LENGTH DATA ELEMENTS--GENERAL INFORMATION
fixed length control field 230718s9999 xx 000 0 und d
041 ## - LANGUAGE CODE
Language code of text/sound track or separate title eng
082 ## - DEWEY DECIMAL CLASSIFICATION NUMBER
Classification number 330.3
Item number WUO
100 ## - MAIN ENTRY--PERSONAL NAME
Personal name Wuoria Jeff
9 (RLIN) 128957
245 ## - TITLE STATEMENT
Title CNBC Guide To Money And Markets
260 ## - PUBLICATION, DISTRIBUTION, ETC. (IMPRINT)
Date of publication, distribution, etc. 2001
Name of publisher, distributor, etc. John Wiley & Sons
300 ## - PHYSICAL DESCRIPTION
Extent 175
365 ## - TRADE PRICE
Currency code Rs.
Price amount 875.00
700 ## - ADDED ENTRY--PERSONAL NAME
Personal name Wuoria Jeff
9 (RLIN) 128957
906 ## - LOCAL DATA ELEMENT F, LDF (RLIN)
d B:447717-May-2002
c OTH
Holdings
Withdrawn status Lost status Damaged status Not for loan Home library Current library Date acquired Vendor Budget Code Cost, normal purchase price Bill number Total Checkouts Full call number Barcode Date last seen Cost, replacement price Bill Date Koha item type Original Barcode
        Cummins College of Engineering for Women Pune Cummins College of Engineering for Women Pune 18/06/2002 Technical Book Services OTH 875.00 4477   330.3 CCEP-BK-14874 18/07/2023 875.00 17/05/2002 Books 014874